000 00892cam a22003013a 4500
001 4276
003 PGUSA
005 20140828083051.0
008 030701s2003||||xxu|||||s|||||000 1 eng d
040 _aPGUSA
_beng
042 _adc
050 4 _aPR
100 1 _aGaskell, Elizabeth Cleghorn,
_d1810-1865
245 1 0 _aNorth and South
_h[electronic resource] /
_cElizabeth Cleghorn Gaskell
260 _bProject Gutenberg,
_c2003
506 _aPublic domain in the USA.
516 _aElectronic text
653 _aMothers and daughters -- Fiction
653 _aYoung women -- Fiction
653 _aBildungsromans
653 _aDidactic fiction
653 _aEngland, Northern -- Fiction
653 _aSocial classes -- Fiction
653 _aChildren of clergy -- Fiction
830 0 _aProject Gutenberg
_v4276
856 4 0 _uhttp://www.gutenberg.org/ebooks/4276
942 _cEB
999 _c233605
_d233605